00672nam a2200169Ia 4500003000900000005001700009008004100026040003100067040001300098041000800111100003600119245005500155260002100210300001800231490002100249520023200270IT-RoPAU20220918175723.0120407s9999 xx 000 0 und d aIT-RoPAUc20140509153039.0 cIT-RoPAU aita aPie Discepole del Divin Maestro aCostituzioni. bCapitolo Generale Speciale - 1969. c1973aAlbabPDDM a166 p.c17 cm aEdizioni Paoline aIndice generale Premessa Fonti Sigle La vocazione e la missione della Pia Discepola Vita di preghiera Vita consacrata Vita di comunità€ Vita apostolica Formazione della Pia Discepola Governo e ammistrazione Le costituzioni